[Event "aut_chT03"]
[Site "Jenbach"]
[Date "2004.01.22"]
[Round "4"]
[Board "6"]
[White "Posch, Werner"]
[Black "Weissenbeck, Manuel"]
[Result "1/2-1/2"]
[WhiteElo "2226"]
[BlackElo "2264"]
[PlyCount "103"]

1.e4 d6 2.Nc3 g6 3.g3 Bg7 4.Bg2 e5 5.d3 Ne7 6.Nh3 O-O 7.O-O c6 8.f4 f6 9.g4 exf4
10.Nxf4 Na6 11.Be3 b5 12.a3 Nc7 13.h3 Ne6 14.Qe1 a6 15.Qg3 Bh6 16.Kh1 Nxf4
17.Bxf4 Bxf4 18.Rxf4 Kg7 19.Raf1 Be6 20.Qf2 Ng8 21.Ne2 Qc7 22.g5 Qe7 23.Qd4 Bd7
24.h4 h6 25.gxh6+ Nxh6 26.Qf2 Rf7 27.Qg3 Rh8 28.Kg1 Qe5 29.d4 Qe6 30.Nc3 Qe7
31.R1f2 a5 32.Bf3 Kh7 33.Rg2 Rg8 34.Nd1 Rfg7 35.Qh2 Rf8 36.Nf2 Re8 37.Ng4 Bxg4
38.Bxg4 f5 39.Bf3 d5 40.e5 g5 41.hxg5 Rxg5 42.Rh4 Rxg2+ 43.Bxg2 Qg5 44.Qf4 Qxf4
45.Rxf4 Kg6 46.Bh3 Kg5 47.Rf3 Ng4 48.Rc3 Re6 49.Kg2 Rh6 50.b4 a4 51.Rf3 f4
52.Bxg4

[Event "aut_chT03"]
[Site "Jenbach"]
[Date "2004.01.22"]
[Round "4"]
[Board "1"]
[White "Boensch, Uwe"]
[Black "Gustafsson, Jan"]
[Result "1/2-1/2"]
[WhiteElo "2545"]
[BlackElo "2572"]
[PlyCount "35"]

1.d4 d5 2.c4 c6 3.e3 Bf5 4.Qb3 Qc7 5.cxd5 cxd5 6.Bb5+ Nd7 7.Bd2 e6 8.Na3 a6
9.Rc1 Qd8 10.Bxd7+ Qxd7 11.Nf3 f6 12.Qb6 Bd6 13.Bb4 Bxb4+ 14.Qxb4 Ne7 15.O-O O-O
16.Nd2 b6 17.Rc3 Rab8 18.Rfc1

[Event "aut_chT03"]
[Site "Jenbach"]
[Date "2004.01.22"]
[Round "4"]
[Board "3"]
[White "Weinzettl, Ernst"]
[Black "Naumann, Alexander"]
[Result "1/2-1/2"]
[WhiteElo "2343"]
[BlackElo "2529"]
[PlyCount "206"]

1.e4 c5 2.Nf3 d6 3.Nc3 a6 4.d4 cxd4 5.Nxd4 Nf6 6.Bg5 e6 7.f4 Qc7 8.Qf3 b5 9.Bxf6
gxf6 10.e5 Bb7 11.Qh5 dxe5 12.Nxe6 Qb6 13.Nxf8 Qe3+ 14.Qe2 Qxf4 15.Nxh7 Rxh7
16.g3 Qf3 17.Qxf3 Bxf3 18.Bd3 Bxh1 19.Bxh7 Nd7 20.O-O-O Bc6 21.Bf5 Ra7 22.Rd6
Bf3 23.Nd5 Bxd5 24.Rxd5 Nf8 25.Rd6 Ke7 26.Rb6 Ne6 27.c3 Nc7 28.Rb8 Ne8 29.h4 Nd6
30.Bc2 f5 31.h5 Kf6 32.h6 Kg6 33.Rb6 Rd7 34.Rxa6 e4 35.Kd2 f6 36.Ke1 Kxh6 37.a4
bxa4 38.Bxa4 Rd8 39.Bd1 Nc4 40.Rxf6+ Kg5 41.Re6 Nxb2 42.Bc2 Kg4 43.Ke2 Nd3
44.Rg6+ Kh5 45.Rg7 Kh6 46.Re7 Kg5 47.Ke3 Kf6 48.Ra7 Ne5 49.Bxe4 Nc4+ 50.Kf4 fxe4
51.Kxe4 Nd6+ 52.Kf4 Rc8 53.Ra3 Rc4+ 54.Kf3 Nb5 55.Ra5 Rxc3+ 56.Ke4 Nd6+ 57.Kd5
Rd3+ 58.Kc6 Nf7 59.Ra8 Rc3+ 60.Kd5 Rxg3 61.Kd4 Nd6 62.Ra1 Nf5+ 63.Kd5 Rd3+
64.Kc4 Rd4+ 65.Kc3 Re4 66.Ra5 Kg5 67.Rc5 Re3+ 68.Kc4 Kf4 69.Kd5 Re4 70.Kc6 Rd4
71.Rc1 Ng3 72.Rc5 Ne4 73.Rh5 Rc4+ 74.Kb6 Rc1 75.Kb5 Ke3 76.Kb6 Kd4 77.Rh4 Kd5
78.Rh5+ Ke6 79.Kb5 Nd6+ 80.Kb4 Nf5 81.Rg5 Ne3 82.Kb5 Rc8 83.Kb4 Nd5+ 84.Kb5 Rc1
85.Rh5 Nc7+ 86.Kb4 Kd6 87.Rh6+ Ne6 88.Rh5 Nf4 89.Rh8 Nd5+ 90.Kb3 Rc3+ 91.Kb2 Rg3
92.Rc8 Ke5 93.Rc4 Nf4 94.Kc2 Ne6 95.Rc8 Kd4 96.Rh8 Rg2+ 97.Kb3 Nc5+ 98.Kb4 Rb2+
99.Ka5 Nb7+ 100.Ka4 Nd6 101.Rh5 Ne4 102.Ka5 Nf6 103.Rb5 Rxb5+

[Event "aut_chT03"]
[Site "Jenbach"]
[Date "2004.01.22"]
[Round "4"]
[Board "4"]
[White "Novkovic, Milan"]
[Black "Ellers, Holger"]
[Result "1/2-1/2"]
[WhiteElo "2371"]
[BlackElo "2402"]
[PlyCount "63"]

1.d4 Nf6 2.Nf3 g6 3.c4 Bg7 4.Nc3 d5 5.cxd5 Nxd5 6.Bg5 Nxc3 7.bxc3 c5 8.e3 Qa5
9.Qd2 Nc6 10.Rb1 a6 11.Bd3 O-O 12.Be4 Re8 13.O-O h6 14.Bf4 Ra7 15.Qc2 cxd4
16.cxd4 Be6 17.Bxc6 bxc6 18.Qxc6 Raa8 19.Ra1 Rac8 20.Qb7 Bd5 21.Qb2 Bxf3 22.gxf3
Qf5 23.Qb7 Bxd4 24.Rac1 Bg7 25.Qxa6 e5 26.Rxc8 Qxc8 27.Qxc8 Rxc8 28.Bg3 Ra8
29.Ra1 f5 30.Rd1 Ra4 31.f4 exf4 32.Bxf4

[Event "aut_chT03"]
[Site "Jenbach"]
[Date "2004.01.22"]
[Round "4"]
[Board "6"]
[White "Grabher, Heinz"]
[Black "Blaas, Hansjoerg"]
[Result "1/2-1/2"]
[WhiteElo "2234"]
[BlackElo "2267"]
[PlyCount "128"]

1.e4 c5 2.Nf3 Nc6 3.d4 cxd4 4.Nxd4 e5 5.Nb5 a6 6.Nd6+ Bxd6 7.Qxd6 Qf6 8.Qd1 Qg6
9.Nc3 Nge7 10.h4 h5 11.Bg5 d5 12.exd5 Nb4 13.Bxe7 Kxe7 14.Bd3 Nxd3+ 15.Qxd3 Qxg2
16.d6+ Kf8 17.O-O-O Bd7 18.Rhg1 Qc6 19.Qg3 Bg4 20.Qxe5 Re8 21.Qd4 Rh6 22.f3 Qxf3
23.d7 Rd8 24.Qc5+ Kg8 25.Qe7 Qf6 26.Qe8+ Kh7 27.Nd5 Qxh4 28.Ne7 Qg5+ 29.Kb1 Qa5
30.Rdf1 f5 31.a3 Qc7 32.Nxf5 Bxf5 33.Rxf5 Qxd7 34.Qe4 Qd4 35.Qg2 Rdd6 36.Rg5 Rd7
37.Rxh5 Qxg1+ 38.Qxg1 Rxh5 39.Qg4 Rhd5 40.c4 Rd1+ 41.Ka2 g6 42.Qh3+ Kg7 43.Qe3
R1d6 44.Qe5+ Rf6 45.c5 Kf7 46.Qe4 Re6 47.Qf4+ Ke8 48.Kb3 Kd8 49.Qb8+ Ke7 50.Qg8
Kf6 51.Qf8+ Ke5 52.Qh8+ Kd5 53.Qc3 Kc6 54.Ka4 g5 55.Qf3+ Rd5 56.b4 Ree5 57.Qf7
Rd7 58.Qg6+ Kd5 59.Qd3+ Ke6 60.Qg6+ Ke7 61.Qg7+ Ke6 62.Qg6+ Kd5 63.Qd3+ Kc6
64.Qg6+ Kd5

[Event "aut_chT03"]
[Site "Jenbach"]
[Date "2004.01.23"]
[Round "5"]
[Board "1"]
[White "Pinter, Jozsef"]
[Black "Kindermann, Stefan"]
[Result "1-0"]
[WhiteElo "2501"]
[BlackElo "2542"]
[PlyCount "61"]

1.d4 f5 2.g3 Nf6 3.Bg2 g6 4.Nf3 Bg7 5.c4 O-O 6.Nc3 d6 7.O-O Qe8 8.b3 Na6 9.Ba3
c6 10.Qd3 Rb8 11.Nd2 Nc7 12.Rac1 b5 13.Ncb1 Ba6 14.Qc3 bxc4 15.bxc4 Qd7 16.Rfd1
f4 17.gxf4 Nh5 18.Bh3 e6 19.e3 c5 20.Ne4 Bb7 21.Qd3 cxd4 22.Nbd2 Ne8 23.Rb1 Nhf6
24.c5 dxe3 25.fxe3 Bxe4 26.Nxe4 Rxb1 27.Rxb1 d5 28.Ng5 Nc7 29.c6 Qxc6 30.Rc1 Qb6
31.Qb3

[Event "aut_chT03"]
[Site "Jenbach"]
[Date "2004.01.23"]
[Round "5"]
[Board "2"]
[White "Kosten, Anthony C."]
[Black "Balogh, Csaba"]
[Result "1-0"]
[WhiteElo "2507"]
[BlackElo "2456"]
[PlyCount "49"]

1.c4 e6 2.Nc3 Bb4 3.Nf3 Nf6 4.g4 O-O 5.g5 Ne8 6.Qc2 c5 7.a3 Ba5 8.Ne4 b6 9.b4
cxb4 10.Bb2 Bb7 11.Rg1 b3 12.Qd3 Bxe4 13.Qxe4 Nc6 14.Rg3 f5 15.gxf6 Nxf6 16.Qd3
Qe7 17.Bg2 Qc5 18.Rg5 Qe7 19.O-O-O d5 20.cxd5 exd5 21.Nh4 Rae8 22.Bxd5+ Kh8
23.Bxb3 Qxe2 24.Ng6+ hxg6 25.Qxg6

[Event "aut_chT03"]
[Site "Jenbach"]
[Date "2004.01.23"]
[Round "5"]
[Board "3"]
[White "Fogarasi, Tibor"]
[Black "Freitag, Manfred"]
[Result "0-1"]
[WhiteElo "2477"]
[BlackElo "2383"]
[PlyCount "126"]

1.e4 c5 2.Nf3 d6 3.d4 cxd4 4.Nxd4 Nf6 5.Nc3 a6 6.f4 e5 7.Nf3 Nbd7 8.a4 Be7 9.Bd3
O-O 10.O-O exf4 11.Kh1 Nc5 12.Bxf4 Bg4 13.Qd2 Bh5 14.Nd4 Bg6 15.Nf5 Bxf5 16.exf5
d5 17.Rfe1 Re8 18.a5 d4 19.Na4 Nxd3 20.cxd3 Nd5 21.Re5 Bf8 22.h3 Rxe5 23.Bxe5
Bb4 24.Qf2 f6 25.Bxd4 Qxa5 26.b3 Qb5 27.Nb2 Re8 28.Nc4 Ne7 29.Rf1 Rd8 30.Qe3 Qd5
31.Bb6 Re8 32.Rf2 Qd7 33.Qf3 Qc6 34.Qd1 Nd5 35.Qf3 Re1+ 36.Kh2 Nxb6 37.Qxc6 bxc6
38.Nxb6 Bd6+ 39.g3 Re3 40.Rc2 Bxg3+ 41.Kg2 h5 42.Rxc6 Rxd3 43.Nc8 h4 44.Rxa6
Rxb3 45.Ne7+ Kh7 46.Ra4 Rb5 47.Ng6 Rxf5 48.Nxh4 Bxh4 49.Rxh4+ Kg6 50.Ra4 Rb5
51.Kg3 Kf5 52.Rf4+ Ke5 53.Kg4 g6 54.Ra4 Rd5 55.Ra8 Rd4+ 56.Kg3 Rd3+ 57.Kg2 Re3
58.h4 Kf5 59.Ra6 Re6 60.Ra5+ Kg4 61.Ra4+ Kh5 62.Kg3 Re3+ 63.Kg2 f5

[Event "aut_chT03"]
[Site "Jenbach"]
[Date "2004.01.23"]
[Round "5"]
[Board "4"]
[White "Karner, Christoph"]
[Black "Baumegger, Siegfried"]
[Result "0-1"]
[WhiteElo "2352"]
[BlackElo "2374"]
[PlyCount "102"]

1.d4 Nf6 2.Nf3 e6 3.g3 c5 4.Bg2 Qa5+ 5.Nbd2 cxd4 6.O-O Nc6 7.Nb3 Qc7 8.Nbxd4 a6
9.c4 d6 10.b3 Be7 11.Bb2 O-O 12.Qc2 Bd7 13.Ng5 Nxd4 14.Bxd4 e5 15.Bb2 Rac8
16.Rac1 b5 17.Qd2 Qb6 18.cxb5 Rxc1 19.Bxc1 axb5 20.Ne4 Nxe4 21.Bxe4 Bh3 22.Rd1
f5 23.Qd5+ Kh8 24.Qb7 Qxb7 25.Bxb7 Rb8 26.Bd5 g5 27.Bb2 f4 28.Rc1 Kg7 29.Rc7 Kf6
30.e3 fxe3 31.fxe3 h6 32.Rc2 Bd8 33.Rf2+ Kg7 34.Rc2 Bb6 35.Bc1 b4 36.Rc4 Bc5
37.Bd2 Kf6 38.Bf3 Bf5 39.Rc1 Bd3 40.Kf2 Ke6 41.Be2 e4 42.Ra1 Ra8 43.Ke1 Kf5
44.g4+ Ke5 45.Bd1 d5 46.a4 bxa3 47.b4 Bb6 48.Bc1 a2 49.Bb3 Bb1 50.Kd2 Ke6 51.Bc2
Bxe3+

[Event "aut_chT03"]
[Site "Jenbach"]
[Date "2004.01.23"]
[Round "5"]
[Board "6"]
[White "Watzka, Horst"]
[Black "Wach, Markus"]
[Result "0-1"]
[WhiteElo "2338"]
[BlackElo "2359"]
[PlyCount "65"]

1.e4 c6 2.d4 d5 3.Nc3 dxe4 4.Nxe4 Bf5 5.Nc5 e5 6.Nb3 Nd7 7.Nf3 e4 8.Nfd2 Ngf6
9.Nc4 Be7 10.Be2 Qc7 11.Bg5 Nb6 12.Qd2 Nfd5 13.Bxe7 Qxe7 14.Ne3 Bg6 15.g3 O-O
16.c4 Nc7 17.h4 f5 18.h5 Be8 19.Nc5 Ne6 20.Nxe6 Qxe6 21.O-O-O Qf6 22.Qa5 Bd7
23.Rh4 Be6 24.Rf4 Rf7 25.Kb1 Qd8 26.b3 Qf6 27.Ng4 Qe7 28.Ne3 Qf6 29.Rd2 Rd8
30.Ng4 Qe7 31.Ne5 Rff8 32.Qxa7 Qb4 33.Rd1

[Event "aut_chT03"]
[Site "Jenbach"]
[Date "2004.01.23"]
[Round "5"]
[Board "1"]
[White "Wells, Peter"]
[Black "Rotstein, Arkadij"]
[Result "0-1"]
[WhiteElo "2493"]
[BlackElo "2519"]
[PlyCount "100"]

1.d4 d5 2.c4 c6 3.Nc3 Nf6 4.e3 a6 5.Qc2 b5 6.b3 Bg4 7.Nge2 Nbd7 8.Ng3 e5 9.h3
Be6 10.dxe5 Nxe5 11.f4 Ned7 12.f5 Bd6 13.Nce2 Qc7 14.Nf4 g5 15.fxe6 fxe6 16.Nxe6
Bxg3+ 17.Ke2 Qe5 18.Ng7+ Kf7 19.Bb2 Qe4 20.Qxe4 Nxe4 21.Nf5 Be5 22.Bxe5 Nxe5
23.g4 bxc4 24.Bg2 Nf6 25.Rhf1 Rab8 26.Nd4 Kg6 27.Rf5 Nfd7 28.Raf1 Rhe8 29.Kd2
cxb3 30.axb3 a5 31.Ra1 Nc5 32.Kc2 a4 33.bxa4 Nc4 34.Nxc6 Nxe3+ 35.Kc3 Rb3+
36.Kd4 Ne6+ 37.Ke5 Nf4+ 38.Kd6 Nxf5+ 39.gxf5+ Kf6 40.Bf1 d4 41.Nxd4 Rd8+ 42.Kc5
Rc3+ 43.Kb4 Nd5+ 44.Kb5 Rb8+ 45.Ka6 Rb6+ 46.Ka7 Rc7+ 47.Ka8 Rcb7 48.Rc1 Rb8+
49.Ka7 R6b7+ 50.Ka6 Nb4+

[Event "aut_chT03"]
[Site "Jenbach"]
[Date "2004.01.23"]
[Round "5"]
[Board "2"]
[White "Beim, Valeri"]
[Black "Rabiega, Robert"]
[Result "1/2-1/2"]
[WhiteElo "2518"]
[BlackElo "2527"]
[PlyCount "26"]

1.c4 e6 2.Nc3 d5 3.d4 Be7 4.Nf3 Nf6 5.cxd5 exd5 6.Bg5 c6 7.Qc2 g6 8.e4 dxe4
9.Bxf6 Bxf6 10.Qxe4+ Kf8 11.Bc4 Kg7 12.O-O Re8 13.Qf4 Be6

[Event "aut_chT03"]
[Site "Jenbach"]
[Date "2004.01.23"]
[Round "5"]
[Board "3"]
[White "Grosar, Aljosa"]
[Black "Balinov, Ilia"]
[Result "1/2-1/2"]
[WhiteElo "2444"]
[BlackElo "2398"]
[PlyCount "29"]

1.e4 c5 2.Nf3 b6 3.d4 cxd4 4.Nxd4 Bb7 5.Nc3 a6 6.Be2 d6 7.f4 Nd7 8.Bf3 e6 9.O-O
Qc7 10.Qe1 Be7 11.Qg3 Bf6 12.Be3 Ne7 13.Rad1 O-O 14.Qh3 Rad8 15.a4

[Event "aut_chT03"]
[Site "Jenbach"]
[Date "2004.01.23"]
[Round "5"]
[Board "4"]
[White "Mahdy, Khaled"]
[Black "Fahrner, Kurt"]
[Result "1-0"]
[WhiteElo "2418"]
[BlackElo "2376"]
[PlyCount "87"]

1.e4 d5 2.exd5 Nf6 3.d4 Bg4 4.f3 Bf5 5.Bb5+ Nbd7 6.c4 e6 7.dxe6 Bxe6 8.c5 c6
9.Bd3 b6 10.cxb6 Qxb6 11.Ne2 c5 12.Nbc3 cxd4 13.Nb5 Bc5 14.O-O Nd5 15.Kh1 Rd8
16.Re1 Bb4 17.Bg5 N7f6 18.Rg1 Bc5 19.a3 a5 20.Nexd4 h6 21.Bxf6 gxf6 22.Re1 Kf8
23.Nxe6+ fxe6 24.Qa4 Rg8 25.Qh4 Be3 26.Bc4 Ke7 27.Bxd5 Rxd5 28.Nc3 Rd2 29.Ne4
Bg5 30.Qg3 Qb8 31.Qxb8 Rxb8 32.Nxd2 Bxd2 33.Re2 Rxb2 34.Rd1 Bc3 35.Rxb2 Bxb2
36.a4 e5 37.Rb1 Bc3 38.Kg1 Ke6 39.Rb6+ Kf5 40.Kf1 h5 41.Ke2 h4 42.Rb8 Kf4 43.Rg8
f5 44.g3+

[Event "aut_chT03"]
[Site "Jenbach"]
[Date "2004.01.23"]
[Round "5"]
[Board "5"]
[White "Ebner, Hubert"]
[Black "Kilgus, Georg"]
[Result "1/2-1/2"]
[WhiteElo "2251"]
[BlackElo "2340"]
[PlyCount "124"]

1.d4 f5 2.g3 Nf6 3.Bg2 g6 4.Nf3 Bg7 5.O-O O-O 6.b4 Nc6 7.b5 Na5 8.Nbd2 d5 9.a4
Ne4 10.Bb2 Nc4 11.Nxc4 dxc4 12.c3 a6 13.Nd2 Nxd2 14.Qxd2 e5 15.Rfd1 axb5 16.axb5
Rxa1 17.Bxa1 e4 18.Bb2 Qd5 19.Ba3 Re8 20.Rb1 Bd7 21.Qf4 Ra8 22.Be7 Bxb5 23.Qxc7
Qc6 24.Qf4 Qd7 25.Bc5 Bc6 26.h4 h5 27.Bf1 b5 28.Bg2 Kh7 29.Qd6 Qxd6 30.Bxd6 Ra2
31.Kf1 Bh6 32.e3 Kg8 33.d5 Bd7 34.Bb4 Kf7 35.Ke1 Bg7 36.Rc1 Bf8 37.d6 Ke6 38.Rd1
Ra6 39.Bf1 Bxd6 40.Bxd6 Rxd6 41.Rxd6+ Kxd6 42.Kd2 Kc5 43.Be2 b4 44.Bd1 b3 45.Be2
Be6 46.Kc1 Kd6 47.Kd2 Ke5 48.Kc1 Kf6 49.Kd2 Bf7 50.Bd1 g5 51.Be2 gxh4 52.gxh4
Ke5 53.Bf1 Kf6 54.Kc1 f4 55.Kd2 f3 56.Kc1 Ke5 57.Bh3 Be6 58.Bf1 Kd6 59.Kb1 Kc5
60.Ka1 Kb6 61.Kb1 Ka5 62.Ka1 Kb6

[Event "aut_chT03"]
[Site "Jenbach"]
[Date "2004.01.23"]
[Round "5"]
[Board "6"]
[White "Wukits, Rene"]
[Black "Pfaffel, Thomas"]
[Result "0-1"]
[WhiteElo "2301"]
[BlackElo "2125"]
[PlyCount "82"]

1.d4 Nf6 2.c4 e6 3.Nc3 d5 4.Bg5 Nbd7 5.e3 c6 6.Nf3 Qa5 7.Nd2 Bb4 8.Qc2 O-O 9.Be2
e5 10.O-O exd4 11.Nb3 Qb6 12.exd4 dxc4 13.Bxc4 a5 14.Rad1 a4 15.Nc5 Bxc5 16.dxc5
Qxc5 17.Bxf6 Nxf6 18.Nxa4 Qg5 19.Nb6 Bf5 20.Qb3 Rae8 21.Rfe1 Qg6 22.Qa3 Bc2
23.Rc1 h6 24.Bf1 Ng4 25.Qc5 Bf5 26.a4 Qf6 27.Nc4 b5 28.axb5 cxb5 29.Nd6 Rxe1
30.Rxe1 Bd7 31.f3 Qh4 32.fxg4 Qxe1 33.h3 b4 34.Qd4 Be6 35.Qf4 Ra8 36.Kh2 Ra1
37.Bd3 Qg1+ 38.Kg3 Re1 39.Nc4 g5 40.Qb8+ Kg7 41.Nd2 Bd5

[Event "aut_chT03"]
[Site "Jenbach"]
[Date "2004.01.23"]
[Round "5"]
[Board "3"]
[White "Horvath, Tamas"]
[Black "Weinzettl, Ernst"]
[Result "1-0"]
[WhiteElo "2432"]
[BlackElo "2343"]
[PlyCount "39"]

1.e4 e6 2.d4 d5 3.Nd2 c5 4.Ngf3 a6 5.dxc5 Bxc5 6.Bd3 Nc6 7.exd5 exd5 8.O-O Nge7
9.Nb3 Bb6 10.Be3 Bg4 11.Re1 h6 12.h3 Bh5 13.Bxb6 Qxb6 14.g4 Bg6 15.Bxg6 fxg6
16.Qxd5 Rf8 17.Nbd4 Rf7 18.Qe6 Rf6 19.Qg8+ Rf8 20.Qc4

[Event "aut_chT03"]
[Site "Jenbach"]
[Date "2004.01.23"]
[Round "5"]
[Board "5"]
[White "Frosch, Ronald"]
[Black "Kleissl, Helmut"]
[Result "0-1"]
[WhiteElo "2210"]
[BlackElo "2311"]
[PlyCount "114"]

1.d4 d6 2.Nf3 Bg4 3.e3 Nd7 4.Be2 Ngf6 5.b3 c6 6.Bb2 g6 7.O-O Bg7 8.c4 O-O 9.Nbd2
Qc7 10.h3 Bxf3 11.Nxf3 e5 12.dxe5 dxe5 13.Qc2 Rfe8 14.Rad1 a5 15.Nh2 Nc5 16.Ba3
Qb6 17.Rd6 Nfe4 18.Bxc5 Nxc5 19.h4 a4 20.b4 Qxb4 21.h5 Rad8 22.Rfd1 Rxd6 23.Rxd6
e4 24.Ng4 Qc3 25.Qxc3 Bxc3 26.hxg6 hxg6 27.f4 exf3 28.Bxf3 Kf8 29.Kf2 Ke7 30.Rd1
Rh8 31.Ke2 a3 32.Nf2 Bg7 33.Rd2 Rh4 34.e4 Bc3 35.Rc2 Bd4 36.Nd3 Nxe4 37.Nc1 Nc5
38.Nd3 Nxd3 39.Kxd3 Bb2 40.Re2+ Kd6 41.Re4 Rh1 42.Kc2 f5 43.Re8 g5 44.Bd1 Rf1
45.Rd8+ Kc5 46.Rd2 Rf4 47.Be2 g4 48.Bd3 g3 49.Re2 Kd4 50.Re7 Rf2+ 51.Re2 Bc3
52.Rxf2 gxf2 53.Bf1 Bb4 54.Be2 Ke3 55.Bf1 Kf4 56.g4 fxg4 57.Bg2 Ke5

[Event "aut_chT03"]
[Site "Jenbach"]
[Date "2004.01.23"]
[Round "5"]
[Board "6"]
[White "Blaas, Hansjoerg"]
[Black "Wilfling, Hermann"]
[Result "0-1"]
[WhiteElo "2267"]
[BlackElo "2142"]
[PlyCount "66"]

1.e4 c5 2.Nf3 d6 3.d4 cxd4 4.Nxd4 Nf6 5.Nc3 g6 6.f4 Nc6 7.Nxc6 bxc6 8.e5 Bg4
9.Be2 Bxe2 10.Qxe2 dxe5 11.fxe5 Nd5 12.O-O Nxc3 13.bxc3 Qd5 14.Ba3 Bg7 15.Qf2
Qe6 16.Qh4 Bxe5 17.Rae1 f6 18.Qh6 O-O-O 19.Qe3 Rd7 20.Bc5 Qc4 21.Rf3 Kb8 22.Rb1+
Ka8 23.g3 Rb8 24.Rb3 Rbb7 25.Kg2 Rb5 26.Bb4 Rbd5 27.Rf2 h5 28.h4 g5 29.hxg5 Bxg3
30.Kxg3 Qg4+ 31.Kh2 Qh4+ 32.Kg2 Rxg5+ 33.Kf1 Qh1+

[Event "aut_chT03"]
[Site "Jenbach"]
[Date "2004.01.23"]
[Round "5"]
[Board "1"]
[White "Gyimesi, Zoltan"]
[Black "Bischoff, Klaus"]
[Result "1/2-1/2"]
[WhiteElo "2553"]
[BlackElo "2561"]
[PlyCount "120"]

1.d4 d5 2.c4 dxc4 3.Nf3 Nf6 4.e3 e6 5.Bxc4 a6 6.O-O c5 7.dxc5 Qxd1 8.Rxd1 Bxc5
9.Nbd2 Nbd7 10.Be2 O-O 11.Nb3 Be7 12.Nfd4 Re8 13.Kf1 Nf8 14.Na5 Rb8 15.Nc4 Bd7
16.Nb6 Red8 17.Nxd7 N8xd7 18.Bd2 Nd5 19.e4 N5f6 20.f3 Bc5 21.Nb3 Bb6 22.Bb4 Rdc8
23.Rd2 Ne5 24.Bd6 Bc7 25.Bc5 Ned7 26.Ba7 Ra8 27.Bg1 Bf4 28.Rdd1 Rc2 29.Bd3 Rc7
30.g3 Bh6 31.Bd4 Rac8 32.Kf2 g6 33.Bc3 Bg7 34.Ba5 Rc6 35.Rac1 Rxc1 36.Rxc1 Rxc1
37.Nxc1 Ne8 38.b3 Ne5 39.Bb6 Nc6 40.f4 Bb2 41.Ne2 Nf6 42.Kf3 Nd7 43.Bc7 f6
44.Bd6 Kf7 45.Ke3 f5 46.exf5 gxf5 47.Kd2 h5 48.Ng1 Nf6 49.Nf3 Nd5 50.Be2 Bc3+
51.Kd3 Bb4 52.Ne5+ Nxe5+ 53.fxe5 Bxd6 54.Bxh5+ Ke7 55.exd6+ Kxd6 56.Bf3 e5
57.Bxd5 Kxd5 58.Ke3 Ke6 59.Kf3 Kf6 60.g4 f4

[Event "aut_chT03"]
[Site "Jenbach"]
[Date "2004.01.23"]
[Round "5"]
[Board "2"]
[White "Horvath, Jozsef"]
[Black "Ftacnik, Lubomir"]
[Result "1-0"]
[WhiteElo "2532"]
[BlackElo "2582"]
[PlyCount "111"]

1.d4 Nf6 2.Nf3 g6 3.g3 Bg7 4.Bg2 O-O 5.O-O d5 6.Nbd2 Na6 7.c3 c5 8.Ne5 cxd4
9.cxd4 Qb6 10.e3 Be6 11.Nb3 Rfc8 12.Bd2 Bf5 13.Bc3 h5 14.Qe2 Qd6 15.f3 Nd7 16.e4
Be6 17.f4 dxe4 18.Bxe4 Rab8 19.Qf3 Nf6 20.Bxb7 Bd5 21.Bxd5 Qxd5 22.f5 Qxf3
23.Rxf3 gxf5 24.Rxf5 Nb4 25.Bxb4 Rxb4 26.Nd3 Rb6 27.Raf1 Rd6 28.Ra5 Rc7 29.Rc1
Rxc1+ 30.Ndxc1 Rd7 31.Ne2 Bh6 32.Kg2 e6 33.Nc5 Re7 34.Nc3 Bd2 35.Nb3 Bxc3
36.bxc3 Nd5 37.Rc5 Rb7 38.Kf3 Rb6 39.c4 Nc3 40.Rxh5 Rb4 41.Ke3 Nxa2 42.Nd2 Ra4
43.Rb5 Nb4 44.Nb3 Nc2+ 45.Kd3 Ne1+ 46.Ke2 Nc2 47.Kd3 Ne1+ 48.Kc3 Ra2 49.Na5 Rxh2
50.c5 Rc2+ 51.Kb3 Rc1 52.c6 Kf8 53.Rb8+ Ke7 54.Rb7+ Ke8 55.Nc4 Nf3 56.Nd6+

[Event "aut_chT03"]
[Site "Jenbach"]
[Date "2004.01.23"]
[Round "5"]
[Board "3"]
[White "Babula, Vlastimil"]
[Black "Steflitsch, Erich"]
[Result "1-0"]
[WhiteElo "2594"]
[BlackElo "2388"]
[PlyCount "81"]

1.d4 Nf6 2.c4 e6 3.Nc3 d5 4.Bg5 Be7 5.e3 O-O 6.Nf3 h6 7.Bh4 b6 8.Rc1 Bb7 9.Bxf6
Bxf6 10.cxd5 exd5 11.b4 c6 12.Bd3 Nd7 13.O-O Be7 14.Qb3 a6 15.a4 Bd6 16.e4 dxe4
17.Nxe4 Nf6 18.Rfe1 Nd5 19.Nxd6 Qxd6 20.Bc4 Nxb4 21.Ne5 Nd5 22.Bxd5 cxd5 23.Rb1
f6 24.Nd3 Bc8 25.Qxb6 Qxb6 26.Rxb6 Bf5 27.Nb4 Rfe8 28.Rxe8+ Rxe8 29.f3 a5
30.Nxd5 Bc2 31.Rb5 Bxa4 32.Rxa5 Bb3 33.Nf4 Rd8 34.d5 Rd6 35.Rb5 Bc4 36.Rc5 Bb3
37.Rc6 Rd7 38.d6 Kf7 39.Nd3 Ba4 40.Rb6 Ra7 41.Nc5

[Event "aut_chT03"]
[Site "Jenbach"]
[Date "2004.01.23"]
[Round "5"]
[Board "4"]
[White "Hoelzl, Franz"]
[Black "Stanec, Nikolaus"]
[Result "1/2-1/2"]
[WhiteElo "2361"]
[BlackElo "2539"]
[PlyCount "50"]

1.Nf3 Nf6 2.d4 c5 3.c4 cxd4 4.Nxd4 b6 5.Nc3 Bb7 6.Bg5 a6 7.Bxf6 gxf6 8.e3 e6
9.Qh5 f5 10.Rd1 Qf6 11.Rd2 Nc6 12.Nc2 Rc8 13.Na4 Nb4 14.Qd1 Nxc2+ 15.Qxc2 b5
16.Nc3 b4 17.Ne2 Bc5 18.Nf4 Bc6 19.Be2 O-O 20.O-O Kh8 21.Qd1 Rg8 22.g3 d6 23.Nd3
e5 24.Nxc5 dxc5 25.Bf3 e4

[Event "aut_chT03"]
[Site "Jenbach"]
[Date "2004.01.23"]
[Round "5"]
[Board "5"]
[White "Weiss, Christian"]
[Black "Moser, Guenter"]
[Result "1-0"]
[WhiteElo "2389"]
[BlackElo "2356"]
[PlyCount "127"]

1.d4 f5 2.Bg5 g6 3.Nc3 d5 4.e3 Bg7 5.h4 c6 6.Qd2 Nd7 7.O-O-O Ngf6 8.f3 h6 9.Bf4
Nh5 10.Bh2 e5 11.g4 fxg4 12.fxg4 Nhf6 13.Bh3 e4 14.Nge2 g5 15.Rdf1 Nf8 16.Be5
Ng6 17.hxg5 hxg5 18.Bxf6 Bxf6 19.Ng3 Nh4 20.Nh5 Nf3 21.Qg2 Qd6 22.Ng3 Qe7 23.Nh5
Qd6 24.Ne2 Rf8 25.Neg3 Bd7 26.Nf5 Bxf5 27.gxf5 O-O-O 28.Bg4 Nh4 29.Qe2 Kb8
30.Kb1 c5 31.dxc5 Qxc5 32.c3 Rd6 33.Rc1 Ra6 34.Rhd1 Qa5 35.b4 Qc7 36.Rxd5 Rc6
37.Nxf6 Rcxf6 38.Qd2 a6 39.Qd4 Nxf5 40.Bxf5 Rxf5 41.Rxf5 Rxf5 42.Qxe4 Qf7 43.Rc2
Ka8 44.c4 Rf1+ 45.Kb2 Rf2 46.a4 Rxc2+ 47.Kxc2 Qd7 48.b5 axb5 49.axb5 g4 50.Qg6
Ka7 51.Qd3 Qe7 52.Kd1 b6 53.Ke2 Qf7 54.Qd5 Qc7 55.Kf1 Qg3 56.Qf7+ Ka8 57.Qf2 Qe5
58.Qf4 Qe6 59.Kg2 Ka7 60.Kg3 Kb7 61.Qd4 Kc7 62.e4 Kb8 63.Qd8+ Ka7 64.Qc7+

[Event "aut_chT03"]
[Site "Jenbach"]
[Date "2004.01.23"]
[Round "5"]
[Board "1"]
[White "Volkmann, Friedrich Karl"]
[Black "Shchekachev, Andrei"]
[Result "1/2-1/2"]
[WhiteElo "2457"]
[BlackElo "2520"]
[PlyCount "43"]

1.e4 c5 2.Nf3 d6 3.d4 cxd4 4.Nxd4 Nf6 5.Nc3 a6 6.Be2 e5 7.Nb3 Be7 8.O-O O-O
9.Kh1 Nc6 10.f4 b5 11.Nd5 Nxe4 12.Bf3 f5 13.Nxe7+ Nxe7 14.fxe5 dxe5 15.Qxd8 Rxd8
16.Nc5 Rb8 17.Nxe4 fxe4 18.Bxe4 Bf5 19.Bxf5 Nxf5 20.Bg5 Rf8 21.Rae1 Nd4 22.c3

[Event "aut_chT03"]
[Site "Jenbach"]
[Date "2004.01.23"]
[Round "5"]
[Board "2"]
[White "Hertneck, Gerald"]
[Black "Schroll, Gerhard"]
[Result "1-0"]
[WhiteElo "2536"]
[BlackElo "2404"]
[PlyCount "61"]

1.d4 d5 2.c4 e6 3.Nf3 Nf6 4.Nc3 Be7 5.Bg5 O-O 6.e3 Nbd7 7.Qc2 c6 8.O-O-O h6
9.Bh4 Qa5 10.Kb1 Bb4 11.Rc1 Bxc3 12.Qxc3 Qxc3 13.Rxc3 Ne4 14.Rc2 g5 15.Bg3 Nxg3
16.hxg3 Kg7 17.Bd3 Re8 18.Ne5 f6 19.Ng4 Rh8 20.f4 f5 21.Ne5 Nxe5 22.dxe5 g4
23.b4 a6 24.Kb2 Bd7 25.Kc3 Rhc8 26.Kd4 b6 27.cxd5 cxd5 28.Rhc1 Rxc2 29.Rxc2 Rc8
30.Rxc8 Bxc8 31.a4

[Event "aut_chT03"]
[Site "Jenbach"]
[Date "2004.01.23"]
[Round "5"]
[Board "4"]
[White "Danner, Georg"]
[Black "Neulinger, Manfred"]
[Result "0-1"]
[WhiteElo "2393"]
[BlackElo "2323"]
[PlyCount "114"]

1.d4 Nf6 2.Nf3 g6 3.c4 Bg7 4.Nc3 d6 5.e4 O-O 6.Be2 Bg4 7.Be3 Na6 8.O-O c5 9.d5
Nc7 10.Nd2 Bxe2 11.Qxe2 Nd7 12.f4 e6 13.dxe6 fxe6 14.Qd3 Qe7 15.Nf3 Rad8 16.Rad1
Nb6 17.Bc1 a6 18.g3 Nc8 19.b3 Na7 20.Bb2 Nc6 21.Rd2 Nd4 22.Kg2 Nxf3 23.Rxf3 Bd4
24.Qc2 Qg7 25.Nd1 e5 26.f5 gxf5 27.exf5 d5 28.Bxd4 cxd4 29.cxd5 Nxd5 30.Qe4 Rfe8
31.f6 Nxf6 32.Qf5 Nd5 33.Kg1 e4 34.Rf1 e3 35.Re2 Qg6 36.Qxg6+ hxg6 37.Nb2 Nc3
38.Rc2 e2 39.Re1 d3 40.Rd2 Nxa2 41.Rxd3 Rxd3 42.Nxd3 Nc3 43.Rc1 Nd1 44.Ne1 Rf8
45.Kg2 Rf1 46.Rc8+ Kg7 47.Nc2 e1=Q 48.Nxe1 Rxe1 49.Rc7+ Kh6 50.Rxb7 Re2+ 51.Kg1
Ra2 52.Rb6 Ne3 53.Rb4 a5 54.Re4 Nf5 55.Rf4 Ra3 56.g4 Nh4 57.b4 Ra4

[Event "aut_chT03"]
[Site "Jenbach"]
[Date "2004.01.23"]
[Round "5"]
[Board "6"]
[White "Huber, David"]
[Black "Posch, Werner"]
[Result "1-0"]
[WhiteElo "2126"]
[BlackElo "2226"]
[PlyCount "83"]

1.d4 d5 2.Nf3 Bf5 3.e3 e6 4.Bd3 Bxd3 5.cxd3 c6 6.O-O Nf6 7.Re1 Be7 8.e4 O-O 9.b3
Na6 10.Bb2 c5 11.e5 Nd7 12.a3 Nb6 13.Nbd2 Rc8 14.Rc1 Qd7 15.Qe2 h6 16.h3 Rc7
17.dxc5 Rxc5 18.Nd4 Rfc8 19.Rxc5 Rxc5 20.b4 Rc8 21.N2b3 Na4 22.Bc1 Nb8 23.Qg4
Kh7 24.f4 g6 25.Qf3 Nc6 26.g4 Qc7 27.Bd2 Nb2 28.Nxc6 Qxc6 29.f5 gxf5 30.gxf5
Rg8+ 31.Kh1 Qc2 32.fxe6 Qxd3 33.Qxd3+ Nxd3 34.exf7 Nf2+ 35.Kh2 Rg7 36.f8=Q Bxf8
37.Rf1 Ne4 38.Rxf8 Rg3 39.Nc5 Rxa3 40.Nxe4 dxe4 41.e6 e3 42.Be1

[Event "aut_chT03"]
[Site "Jenbach"]
[Date "2004.01.23"]
[Round "5"]
[Board "2"]
[White "Vogt, Lothar"]
[Black "Atlas, Valery"]
[Result "1/2-1/2"]
[WhiteElo "2466"]
[BlackElo "2471"]
[PlyCount "91"]

1.e4 c5 2.Nf3 e6 3.d4 cxd4 4.Nxd4 Nf6 5.Nc3 d6 6.g4 h6 7.h4 Be7 8.Bg2 Nc6 9.g5
hxg5 10.hxg5 Rxh1+ 11.Bxh1 Nh7 12.f4 g6 13.e5 d5 14.Be3 Na5 15.Qd3 Nc4 16.Bc1
Qa5 17.b3 Bb4 18.bxc4 dxc4 19.Qe3 Bxc3+ 20.Bd2 Bxd2+ 21.Qxd2 c3 22.Qd3 Bd7
23.Bxb7 Rd8 24.Rd1 Qc5 25.Ne2 Qb6 26.Be4 Nf8 27.Qxc3 Rc8 28.Qa3 Bc6 29.Bxc6+
Rxc6 30.Qd3 a6 31.c3 Qc7 32.Rb1 Nd7 33.Qh3 Rb6 34.Rxb6 Qxb6 35.Qd3 Qc6 36.Kd1
Qa4+ 37.Qc2 Qc4 38.Qb3 Qd3+ 39.Ke1 Nc5 40.Qb8+ Kd7 41.Qa7+ Kc6 42.Qxf7 Qe3
43.Qe8+ Kc7 44.Qe7+ Kc8 45.Qe8+ Kc7 46.Qe7+